<?xml version="1.0" encoding="UTF-8"?>
<record
    xmlns:xsi="http://www.w3.org/2001/XMLSchema-instance"
    xsi:schemaLocation="http://www.loc.gov/MARC21/slim http://www.loc.gov/standards/marcxml/schema/MARC21slim.xsd"
    xmlns="http://www.loc.gov/MARC21/slim">

  <leader>01305nam0a22002651  4500</leader>
  <controlfield tag="001">rc\4277415</controlfield>
  <controlfield tag="005">20260407083208.0</controlfield>
  <datafield tag="035" ind1=" " ind2=" ">
    <subfield code="a">(NLR Aleph) 008243384</subfield>
  </datafield>
  <datafield tag="090" ind1=" " ind2=" ">
    <subfield code="a">8291550</subfield>
    <subfield code="c">8291550</subfield>
  </datafield>
  <datafield tag="100" ind1=" " ind2=" ">
    <subfield code="a">20130416a19619999|||y0rusy50      ca</subfield>
  </datafield>
  <datafield tag="101" ind1="0" ind2=" ">
    <subfield code="a">rus</subfield>
  </datafield>
  <datafield tag="102" ind1=" " ind2=" ">
    <subfield code="a">RU</subfield>
  </datafield>
  <datafield tag="105" ind1=" " ind2=" ">
    <subfield code="a">y   z   |||||</subfield>
  </datafield>
  <datafield tag="200" ind1="1" ind2=" ">
    <subfield code="a">&#x41E;&#x442;&#x447;&#x435;&#x442; &#x43E; &#x43D;&#x430;&#x443;&#x447;&#x43D;&#x43E;&#x439; &#x434;&#x435;&#x44F;&#x442;&#x435;&#x43B;&#x44C;&#x43D;&#x43E;&#x441;&#x442;&#x438; &#x410;&#x43A;&#x430;&#x434;&#x435;&#x43C;&#x438;&#x438; &#x43D;&#x430;&#x443;&#x43A; &#x411;&#x421;&#x421;&#x420;</subfield>
    <subfield code="f">&#x410;&#x41D; &#x411;&#x421;&#x421;&#x420;</subfield>
  </datafield>
  <datafield tag="210" ind1=" " ind2=" ">
    <subfield code="a">&#x41C;&#x438;&#x43D;&#x441;&#x43A;</subfield>
    <subfield code="c">&#x41D;&#x430;&#x443;&#x43A;&#x430; &#x438; &#x442;&#x435;&#x445;&#x43D;&#x438;&#x43A;&#x430;</subfield>
    <subfield code="d">1961-</subfield>
  </datafield>
  <datafield tag="300" ind1=" " ind2=" ">
    <subfield code="a">&#x412; &#x43A;&#x43D;&#x438;&#x436;&#x43D;&#x43E;&#x43C; &#x444;&#x43E;&#x43D;&#x434;&#x435; &#x438;&#x43C;&#x435;&#x435;&#x442;&#x441;&#x44F; (&#x41A;-50): 1960 (1961). &#x428;&#x438;&#x444;&#x440;: 61-5/1734; 1961 (&#x41F;&#x440;&#x43E;&#x435;&#x43A;&#x442;) (1962). &#x428;&#x438;&#x444;&#x440;: 62-5/1741; 1962 (1963). &#x428;&#x438;&#x444;&#x440;: 63-5/3708; 1963 (1964), 1964 (1965). &#x428;&#x438;&#x444;&#x440;: 61-5/1734</subfield>
  </datafield>
  <datafield tag="300" ind1=" " ind2=" ">
    <subfield code="a">&#x421; 1965 (1966) &#x438;&#x437;&#x434;&#x430;&#x43D;&#x438;&#x435; &#x445;&#x440;&#x430;&#x43D;&#x438;&#x442;&#x441;&#x44F; &#x432; &#x416;&#x443;&#x440;&#x43D;&#x430;&#x43B;&#x44C;&#x43D;&#x43E;&#x43C; &#x444;&#x43E;&#x43D;&#x434;&#x435;. &#x428;&#x438;&#x444;&#x440;: &#x41F;1/375 (&#x41A;-50)</subfield>
  </datafield>
  <datafield tag="333" ind1=" " ind2=" ">
    <subfield code="a">&#x41E;&#x433;&#x440;&#x430;&#x43D;&#x438;&#x447;. &#x43F;&#x43E;&#x43B;&#x44C;&#x437;&#x43E;&#x432;&#x430;&#x43D;&#x438;&#x44F;</subfield>
  </datafield>
  <datafield tag="710" ind1="0" ind2="2">
    <subfield code="a">&#x410;&#x41D; &#x411;&#x421;&#x421;&#x420;</subfield>
    <subfield code="c">&#x41C;&#x438;&#x43D;&#x441;&#x43A;</subfield>
    <subfield code="3">RU\NLR\AUTH\889696</subfield>
    <subfield code="9">291860</subfield>
  </datafield>
  <datafield tag="801" ind1=" " ind2="0">
    <subfield code="a">RU</subfield>
    <subfield code="b">NLR</subfield>
    <subfield code="g">psbo</subfield>
  </datafield>
  <datafield tag="801" ind1=" " ind2="1">
    <subfield code="a">RU</subfield>
    <subfield code="b">ELAR</subfield>
    <subfield code="2">rusmarc</subfield>
  </datafield>
  <datafield tag="830" ind1=" " ind2=" ">
    <subfield code="a">&#x41F;&#x435;&#x440;&#x435;&#x447;&#x435;&#x43D;&#x44C; &#x438;&#x43C;&#x435;&#x44E;&#x449;&#x438;&#x445;&#x441;&#x44F; &#x432; &#x431;&#x438;&#x431;&#x43B;&#x438;&#x43E;&#x442;&#x435;&#x43A;&#x435; &#x442;&#x43E;&#x43C;&#x43E;&#x432;, &#x43D;&#x43E;&#x43C;&#x435;&#x440;&#x43E;&#x432;, &#x433;&#x43E;&#x434;&#x43E;&#x432; &#x44D;&#x442;&#x43E;&#x433;&#x43E; &#x438;&#x437;&#x434;&#x430;&#x43D;&#x438;&#x44F; &#x441;&#x43C;&#x43E;&#x442;&#x440;&#x438; &#x432; &#x43A;&#x430;&#x442;&#x430;&#x43B;&#x43E;&#x433;&#x435; &#x43F;&#x435;&#x440;&#x438;&#x43E;&#x434;&#x438;&#x447;&#x435;&#x441;&#x43A;&#x438;&#x445; &#x438;&#x437;&#x434;&#x430;&#x43D;&#x438;&#x439;</subfield>
  </datafield>
  <datafield tag="852" ind1=" " ind2=" ">
    <subfield code="a">NLR</subfield>
    <subfield code="j">&#x428;&#x438;&#x444;&#x440;&#x44B; &#x440;&#x430;&#x437;&#x43D;&#x44B;&#x435;</subfield>
  </datafield>
  <datafield tag="942" ind1=" " ind2=" ">
    <subfield code="c">BOOK</subfield>
  </datafield>
  <datafield tag="980" ind1=" " ind2=" ">
    <subfield code="a">NB</subfield>
  </datafield>
  <datafield tag="995" ind1=" " ind2=" ">
    <subfield code="5">2013-10-26</subfield>
    <subfield code="b">NLR01</subfield>
    <subfield code="c">NLR01</subfield>
    <subfield code="e">TEMP</subfield>
    <subfield code="f">8243384-10</subfield>
    <subfield code="k">&#x428;&#x438;&#x444;&#x440;&#x44B; &#x440;&#x430;&#x437;&#x43D;&#x44B;&#x435;</subfield>
    <subfield code="o">0</subfield>
    <subfield code="r">BOOK</subfield>
    <subfield code="s">_</subfield>
  </datafield>
</record>
